LEADER 01499nas 2200421-a 450 001 996335532303316 005 20240413023930.0 011 $a2224-7866 035 $a(CKB)110978984570485 035 $a(CONSER)--2001248440 035 $a(EXLCZ)99110978984570485 100 $a20000712b20002010 --- - 101 0 $aeng 181 $ctxt$2rdacontent 182 $cc$2rdamedia 183 $acr$2rdacarrier 200 00$aJournal of psychology in Chinese societies =$eHua ren xin li xue bao 210 $aHong Kong $cHong Kong Psychological Society $cChinese University Press$d2000- 215 $a1 online resource 300 $aRefereed/Peer-reviewed 311 08$aPrint version: Journal of Psychology in Chinese Societies/#/Journal of Psychology in Chinese Societies [[hua ren xin li xue bao]] 1563-3403 (DLC) 2001248440 (OCoLC)44566483 517 3 $aHua ren xin li xue bao 517 1 $aJPCS 531 1 $aJ. psychol. Chin. soc. 606 $aPsychology$vPeriodicals 606 $aPsychology$zChina$vPeriodicals 606 $aPsychology$2fast$3(OCoLC)fst01081447 607 $aChina$2fast$1https://id.oclc.org/worldcat/entity/E39PBJcrd4RjtCBk4wfMhTwwG3 608 $aPeriodicals.$2fast 615 0$aPsychology 615 0$aPsychology 615 7$aPsychology. 712 02$aXianggang xin li xue hui. 906 $aJOURNAL 912 $a996335532303316 920 $aexl_impl conversion 996 $aJournal of Psychology in Chinese Societies$92308228 997 $aUNISA LEADER 03295oam 2200505zu 450 001 9910131300303321 005 20210807005001.0 010 $a2-8218-5333-5 024 7 $a10.4000/books.puam.428 035 $a(CKB)3710000000395814 035 $a(SSID)ssj0001493694 035 $a(PQKBManifestationID)12620534 035 $a(PQKBTitleCode)TC0001493694 035 $a(PQKBWorkID)11516099 035 $a(PQKB)11613978 035 $a(FrMaCLE)OB-puam-428 035 $a(oapen)https://directory.doabooks.org/handle/20.500.12854/59730 035 $a(PPN)185661416 035 $a(oapen)doab59730 035 $a(EXLCZ)993710000000395814 100 $a20160829d2009 uy 101 0 $afre 135 $auu||||||m|||| 181 $ctxt 182 $cc 183 $acr 200 14$aLes Sources des Obligations 210 $cPresses universitaires d?Aix-Marseille$d2009 210 31$a[Place of publication not identified]$cPresses universitaires d'Aix Marseille$d2009 215 $a1 online resource (612 p.) 300 $aBibliographic Level Mode of Issuance: Monograph 311 08$a2-7314-0673-9 330 $aNotion plurale, la source des obligations se décompose en source formelle, source technique et source substantielle. Les sources formelles désignent le fondement juridique à partir duquel seront dégagés les sources techniques, fruit de l?interprétation judiciaire. Les sources substantielles ont été définies comme les conditions concrètes de naissance de l?obligation. Nées de l?application des notions techniques réalisées par les magistrats, elles s?articulent autour de la liberté du débiteur et la protection du créancier. L?approche classique a été définie comme la politique qui consacre la liberté du débiteur. Contenue en l?article 1370 du Code civil, elle plonge ses racines dans le passé et s?illustre aujourd?hui à travers de nombreux concepts. À l?opposé, l?approche moderne fait prévaloir la protection du créancier. Consacrée indirectement, elle laisse intact l?ordre technique existant et s?élabore à partir d?applications renouvelées des notions. Consacrée directement, elle donnera naissance à de nouvelles notions dont certaines recevront une traduction formelle. Une nouvelle approche de la liberté est souhaitable. L?acte juridique a été redéfini comme la libre création d?une croyance légitime. Le fait juridique consiste en la création dommageable d?un risque anormal. En chacune de ces sources, l?expression de la liberté est appréciée en la personne du débiteur tandis que le produit de la liberté est évalué en la personne du créancier. Par ailleurs, l?approche libérale fait aussi l?objet d?un dépassement. À la faveur de celui-ci, l?obligation se traduira par une charge individuelle définitive, d?une part, et une charge collective finale, d?autre part. 610 $aresponsabilité civile 610 $acontrat 610 $ahistoire du droit français 610 $aobligation (droit) 610 $aacte juridique 610 $aCode civil 700 $aObellianne$b Stephane$0973772 801 0$bPQKB 906 $aBOOK 912 $a9910131300303321 996 $aLes Sources des Obligations$92216248 997 $aUNINA